| 000 | 01139nam0a2200301 4500 | ||
|---|---|---|---|
| 001 | RU\NLR\ONL2\29893 | ||
| 005 | 20260531082210.0 | ||
| 035 | _a(NLR Aleph) 010216846 | ||
| 090 |
_a10302288 _c10302288 |
||
| 100 | _a20140203d1995 |||y0rusy50 ca | ||
| 101 | 0 | _asah | |
| 102 | _aRU | ||
| 105 | _aa ||||||||| | ||
| 200 | 1 |
_aКүн бэлэҕэ _eоҕолорго кэпсээннэр _fАйысхаана _g[худож. В. С. Малышев] |
|
| 210 |
_aДьокуускай _cБичик _d1995 |
||
| 215 |
_a20,[2] с. _cил. _d20 |
||
| 300 | _aВ вып. дан. авт.: Айысхана (Варламова-Матвеева Анна Егоровна) | ||
| 541 | 1 |
_aПодарок солнца _eрассказы _eдля детей сред. шк. возраста _zrus |
|
| 686 | 1 | _aШ9(2)6=Я-4 | |
| 700 | 0 |
_4070 _7ca _8sah _aАйысхаана _f1952- _9131361 _3RU\NLR\auth-onl\771306 |
|
| 702 | 1 |
_aМалышев _bВ. С. _4440 |
|
| 801 | 0 |
_aRU _bNLR _c20140203 _gPSBO |
|
| 852 |
_aNLR _bОНЛ _jЯкут./2-2838 |
||
| 942 | _cBOOK | ||
| 980 | _aNB | ||
| 980 | _aONL_RF | ||